| 000 | 00699nam a2200205 a 4500 | ||
|---|---|---|---|
| 005 | 20220812063812.0 | ||
| 008 | 030519s2000 mx r 000 0 spa d | ||
| 020 | _a9803171712 | ||
| 035 | _aUPN01000124368 | ||
| 049 | _aCG | ||
| 050 | 4 |
_aJX1311 _bC8.6 |
|
| 245 | 0 | 4 |
_aLas cumbres iberoamericanas : _buna mirada global / _ced. Francisco Rojas Aravena. |
| 260 |
_aCaracas : _bNueva sociedad : _bFLACSO, _c2000. |
||
| 300 | _a199 p. | ||
| 650 | 4 |
_aRELACIONES INTERNACIONALES - _vDISCURSOS, ENSAYOS, CONFERENCIAS, ETC. |
|
| 651 | 4 |
_aAMERICA LATINA - _xRELACIONES EXTERIORES _94308 |
|
| 651 | 4 |
_aAmérica Latina _xPolítica y gobierno _91083 |
|
| 700 | 1 |
_aRojas Aravena, Francisco, _eed. |
|
| 905 | _aLibro | ||
| 999 |
_c96547 _d96547 |
||